000 00799pam a2200265 a 4500
008
020 _a9780443074295 (pbk.)
049 _aMAIN
090 _aR850
_bPOL
100 1 _aPolgar, Stephen.
245 1 0 _aIntroduction to research in the health sciences /
_cStephen Polgar, Shane A. Thomas.
250 _a5th ed.
260 _aLondon :
_bChurchill Livingstone,
_c2008.
300 _ax, 393 p. :
_bill. ;
_c25 cm.
504 _aIncludes bibliographical references.
500 _aIncludes Index.
650 0 _aMedicine
_xResearch
_xMethodology.
650 1 2 _aResearch
_xmethods.
700 1 _aThomas, Shane A.
907 _a.b10269204
_b02-12-14
_c09-10-09
003
005 20230120204141.0
040 _cNUST
942 _cBOOKS
_kR850
_mPOL
999 _c118040
_d118040